[Event "2020 Gustafson Memorial, S02078"]
[Site "CCLA"]
[Date "2020.10.24"]
[Round "?"]
[White "Evans, Stanley W."]
[Black "Shannon, Paul D."]
[Result "1-0"]
[WhiteElo "1966"]
[BlackElo "2027"]

1. e4 e6 2. d4 d5 3. Nc3 Bb4 4. e5 c5 5. a3 Bxc3+ 6. bxc3 Ne7 7. Qg4 Qc7 
8. Bd3 cxd4 9. Ne2 dxc3 10. Qxg7 Rg8 11. Qxh7 Nbc6 12. Bf4 Bd7 13. O-O 
O-O-O 14. Bg3 Rh8 15. Qg7 d4 16. Qf6 Nd5 17. Qxf7 Rdf8 18. Qg6 Nde7 19. 
Qe4 Nf5 20. Rfb1 Nxg3 21. fxg3 Qxe5 22. Qxe5 Nxe5 23. Nxd4 Nxd3 24. cxd3 
e5 25. Nb5 c2 26. Rb2 Bxb5 27. Rxb5 Rd8 28. Rc5+ Kb8 29. Rxc2 Rxd3 30. a4 
e4 31. Re2 e3 32. g4 Kc7 33. g3 Kd6 34. Rae1 Re8 35. Kg2 Kd5 36. h4 Ke4 
37. h5 Rh8 38. Rf2 Rb3 39. Rf4+ Kd3 40. Kf3 Re8 41. g5 Rb2 42. Kg4 Rf2 43.
 Rb4 e2 44. g6 Rf1 45. Rbb1 Rxe1 46. Rxe1 Kd2 47. Rxe2+ Kxe2 48. g7 1-0

[Event "2020 Gustafson Memorial, S02078"]
[Site "CCLA"]
[Date "2020.10.24"]
[Round "?"]
[White "Shannon, Paul D."]
[Black "Evans, Stanley W."]
[Result "1-0"]
[WhiteElo "2027"]
[BlackElo "1966"]

1. e4 e5 2. Nf3 Nc6 3. c3 Nf6 4. d4 Nxe4 5. d5 Bc5 6. dxc6 Bxf2+ 7. Ke2 
Bb6 8. Qd5 Nf2 9. cxb7 Bxb7 10. Qxb7 Nxh1 11. Be3 O-O 12. Bxb6 axb6 13. g3
d5 14. Qc6 e4 15. Nd4 e3 16. Bg2 Nxg3+ 17. hxg3 Qg5 18. Qxd5 Qxd5 19. Bxd5
Ra5 20. c4 Re8 21. Nc3 g6 22. Rf1 Rf8 23. b4 Ra4 24. Nxa4 1-0

[Event "2020 Gustafson Memorial, S02078"]
[Site "CCLA"]
[Date "2020.10.24"]
[Round "?"]
[White "Evans, Stanley W."]
[Black "Ragan, Anthony"]
[Result "1-0"]
[WhiteElo "1966"]
[BlackElo "1933"]

1. e4 d5 2. exd5 Qxd5 3. Nf3 Nf6 4. d4 c6 5. c4 Qa5+ 6. Bd2 Qb6 7. Nc3 Bf5
8. Nh4 Bg4 9. Be2 Qxd4 10. Be3 Qxd1+ 11. Rxd1 Bxe2 12. Kxe2 Nbd7 13. Rhe1 
e6 14. f4 Bc5 15. Bxc5 Nxc5 16. Kf1 O-O 17. f5 exf5 18. Nxf5 Rfe8 19. 
Rxe8+ Rxe8 20. Nd6 Rd8 21. Ke2 Kf8 22. b4 Na6 23. a3 b6 24. Nce4 Nxe4 25. 
Nxe4 Rxd1 26. Kxd1 Ke7 27. Kd2 f5 28. Ng5 h6 29. Nf3 g5 30. Nd4 c5 31. 
bxc5 Nxc5 32. Nxf5+ 1-0

[Event "2020 Gustafson Memorial, S02078"]
[Site "CCLA"]
[Date "2020.10.24"]
[Round "?"]
[White "Ragan, Anthony"]
[Black "Evans, Stanley W."]
[Result "0-1"]
[WhiteElo "1933"]
[BlackElo "1966"]

1. e4 e5 2. Nf3 Nc6 3. Nc3 Nf6 4. Bb5 Bd6 5. d3 a6 6. Ba4 h6 7. a3 b5 8. 
Bb3 Nd4 9. Nxd4 exd4 10. Ne2 c5 11. f4 Bc7 12. e5 Ba5+ 13. Bd2 Bxd2+ 14. 
Qxd2 Ng4 15. Bd5 Rb8 16. c3 Ne3 17. Bf3 Qb6 18. cxd4 cxd4 19. Rc1 O-O 20. 
b4 Bb7 21. Bxb7 Rxb7 22. Kf2 f6 23. exf6 Qxf6 24. Rhe1 Rb6 25. Kg1 Qh4 26.
 g3 Rg6 0-1

[Event "2020 Gustafson Memorial, S02078"]
[Site "CCLA"]
[Date "2020.10.24"]
[Round "?"]
[White "Evans, Stanley W."]
[Black "Sensabaugh, Gene"]
[Result "1-0"]
[WhiteElo "1966"]
[BlackElo "1832"]

1. e4 c5 2. Nc3 e6 3. Nf3 a6 4. g3 b5 5. Bg2 Bb7 6. d3 d6 7. O-O Qc7 8. 
Ng5 Nd7 9. f4 h6 10. Nh3 O-O-O 11. f5 1-0

[Event "2020 Gustafson Memorial, S02078"]
[Site "CCLA"]
[Date "2020.10.24"]
[Round "?"]
[White "Sensabaugh, Gene"]
[Black "Evans, Stanley W."]
[Result "0-1"]
[WhiteElo "1832"]
[BlackElo "1966"]

1. e4 e5 2. Nf3 Nc6 3. d4 exd4 4. Bc4 Nf6 5. e5 Ne4 6. O-O d5 7. exd6 Nxd6
8. Bd5 Nf5 9. Re1+ Be7 10. Be4 O-O 11. c3 dxc3 0-1

[Event "2020 Gustafson Memorial, S02078"]
[Site "CCLA"]
[Date "2020.10.24"]
[Round "?"]
[White "Shannon, Paul D."]
[Black "Ragan, Anthony"]
[Result "1/2-1/2"]
[WhiteElo "2027"]
[BlackElo "1933"]

1. d4 e6 2. c4 d5 3. g3 Nf6 4. Bg2 dxc4 5. Nf3 c5 6. O-O Nc6 7. Qa4 Bd7 8.
 Qxc4 b5 9. Qd3 Rc8 10. dxc5 Bxc5 11. Nc3 Nb4 12. Qd1 Bc6 13. Bg5 Qxd1 14.
 Rfxd1 Ne4 15. Nxe4 Bxe4 16. a3 Nd5 17. Rac1 O-O 18. Bd2 Bb6 19. Ne5 Bxg2 
20. Kxg2 Rxc1 21. Rxc1 f6 22. Nd7 Rd8 23. Nxb6 Nxb6 24. Ba5 Rc8 25. Rxc8+ 
Nxc8 26. Bc7 Kf7 27. Kf3 e5 28. e4 Ke6 29. Ke3 Kd7 30. Ba5 Nd6 1/2-1/2

[Event "2020 Gustafson Memorial, S02078"]
[Site "CCLA"]
[Date "2020.10.24"]
[Round "?"]
[White "Shannon, Paul D."]
[Black "Sensabaugh, Gene"]
[Result "1-0"]
[WhiteElo "2027"]
[BlackElo "1832"]

1. e4 c5 2. Nc3 d6 3. f4 Nc6 4. Nf3 g6 5. Bc4 Bg7 6. O-O e6 7. f5 exf5 8. 
d3 Nge7 9. Qe1 h6 10. Bd2 fxe4 11. dxe4 Be6 12. Nd5 Qd7 13. c3 1-0

[Event "2020 Gustafson Memorial, S02078"]
[Site "CCLA"]
[Date "2020.10.24"]
[Round "?"]
[White "Ragan, Anthony"]
[Black "Shannon, Paul D."]
[Result "1-0"]
[WhiteElo "1933"]
[BlackElo "2027"]

1. e4 e6 2. d3 d5 3. Nd2 Nf6 4. Ngf3 b6 5. c3 Be7 6. e5 Nfd7 7. d4 Ba6 8. 
Bxa6 Nxa6 9. Qe2 Qc8 10. O-O c5 11. Rd1 Nc7 12. Nf1 Qa6 13. Qc2 h6 14. Bf4
O-O 15. Ne3 Rfc8 16. Ng4 Bf8 17. h4 b5 18. Qd2 Kh7 19. Bxh6 gxh6 20. Qf4 
Qc6 21. Qxf7+ Kh8 22. h5 Bg7 23. Nh4 Ne8 24. Ng6+ Kh7 25. Ne7 1-0

[Event "2020 Gustafson Memorial, S02078"]
[Site "CCLA"]
[Date "2020.10.24"]
[Round "?"]
[White "Ragan, Anthony"]
[Black "Sensabaugh, Gene"]
[Result "1-0"]
[WhiteElo "1933"]
[BlackElo "1832"]

1. e4 c5 2. Nf3 d6 3. d4 cxd4 4. Nxd4 Nf6 5. Nc3 a6 6. Be2 e6 7. O-O Be7 
8. f4 O-O 9. Kh1 Qc7 10. Qe1 b5 11. a3 Bb7 12. Bf3 Nbd7 13. g4 1-0

[Event "2020 Gustafson Memorial, S02078"]
[Site "CCLA"]
[Date "2020.10.24"]
[Round "?"]
[White "Sensabaugh, Gene"]
[Black "Shannon, Paul D."]
[Result "0-1"]
[WhiteElo "1832"]
[BlackElo "2027"]

1. e4 e6 2. d4 d5 3. Nc3 Bb4 4. e5 c5 5. Qg4 Ne7 6. Qxg7 Rg8 7. Qxh7 cxd4 
8. a3 Qa5 9. axb4 Qxa1 10. Nce2 Nbc6 11. h4 Bd7 12. Nf3 O-O-O 13. c3 dxc3 
0-1

[Event "2020 Gustafson Memorial, S02079"]
[Site "CCLA"]
[Date "2020.10.24"]
[Round "?"]
[White "Cofer, David"]
[Black "Hayward, Clark W."]
[Result "1-0"]
[WhiteElo "1898"]
[BlackElo "1852"]

1. d4 g6 2. Bf4 Bg7 3. e3 d6 4. Bd3 Nd7 5. Nf3 e6 6. O-O Ne7 7. Re1 O-O 8.
 Nbd2 e5 9. dxe5 dxe5 10. Bg3 Nf5 11. Bxf5 gxf5 12. Qe2 Re8 13. e4 f4 14. 
Bh4 f6 15. Nb3 Nf8 16. Rad1 Qe7 17. Nbd2 Bg4 18. h3 Bxf3 19. Nxf3 Ng6 20. 
Qc4+ Kh8 21. Qb3 b6 22. Qc4 Rad8 23. Rxd8 Rxd8 24. b3 Nf8 25. b4 Bh6 26. 
g3 Bg5 27. Bxg5 fxg5 28. Kg2 Ng6 29. Rh1 h6 30. Qc3 Kg7 31. a4 Rd6 32. Kh2
Kf6 33. g4 Qd7 34. a5 b5 35. Qc5 a6 36. Rc1 Rc6 37. Qd5 Qxd5 38. exd5 Rc3 
39. Nd2 Ke7 40. Ne4 Rc4 41. Nc5 Kd6 42. Nxa6 Ne7 43. c3 Nxd5 44. f3 Kc6 
45. Nb8+ Kb7 46. Nd7 Nxb4 47. Nxe5 Rc5 48. Nd7 Rc4 49. Ne5 Na2 50. Ra1 Ra4
51. c4 Rxa5 52. cxb5 Rxb5 53. Nf7 {Black forfeits} 1-0

[Event "2020 Gustafson Memorial, S02079"]
[Site "CCLA"]
[Date "2020.10.24"]
[Round "?"]
[White "Cofer, David"]
[Black "Stewart, Douglas"]
[Result "1/2-1/2"]
[WhiteElo "1898"]
[BlackElo "1919"]

1. d4 Nf6 2. Bf4 g6 3. e3 Bg7 4. Nf3 O-O 5. Nbd2 d6 6. Bd3 Nbd7 7. O-O Qe8
8. Bg3 e5 9. dxe5 dxe5 10. e4 Nh5 11. Re1 Qe7 12. Bh4 f6 13. c3 Rd8 14. 
Bc4+ Kh8 15. Qc2 Nf4 16. Rad1 Nb6 17. Bb3 Be6 18. Bxe6 Qxe6 19. Bg3 Qxa2 
20. Bxf4 exf4 21. Ra1 Qe6 22. Qb3 Qg8 23. Qxg8+ Kxg8 24. Re2 Nd7 25. Nc4 
Ne5 26. Ncxe5 fxe5 27. g3 fxg3 28. hxg3 a5 29. Kg2 b6 30. Ree1 Bf6 31. Ra2
Kf7 32. Kf1 h5 33. Rea1 Ra7 34. Ne1 Be7 35. Nf3 Ke6 36. b4 Rda8 37. Nh4 
Bxh4 38. gxh4 a4 39. f3 Rf8 40. Kf2 b5 41. Ke3 c6 42. Rg1 Rf6 43. Rc1 Kd6 
44. c4 Raf7 45. Rf2 bxc4 46. Rxc4 Rf4 47. Rc3 Kc7 48. b5 R7f6 49. bxc6 
Rxc6 50. Ra3 Rxh4 51. Rxa4 Kd7 52. Ra7+ Ke6 53. Rfa2 Rh1 54. R2a6 Rc1 55. 
Rxc6+ Rxc6 56. Kf2 Kf6 57. Kg3 g5 58. Ra8 Rc7 59. Ra6+ Kg7 60. Re6 Rc5 61.
 Re7+ Kf6 62. Ra7 Rc6 63. Ra8 Rc7 64. Rf8+ Rf7 65. Rh8 h4+ 66. Kg4 Kg6 67.
 Rg8+ Kh6 68. Rh8+ Kg6 69. Rg8+ Rg7 70. Rh8 Rf7 1/2-1/2

[Event "2020 Gustafson Memorial, S02079"]
[Site "CCLA"]
[Date "2020.10.24"]
[Round "?"]
[White "Cofer, David"]
[Black "Thommen, John"]
[Result "1-0"]
[WhiteElo "1898"]
[BlackElo "1792"]

1. d4 Nf6 2. Bf4 e6 3. e3 d5 4. Nd2 c5 5. c3 Nc6 6. Ngf3 b6 7. Ne5 Bb7 8. 
Bd3 Bd6 9. O-O Qc7 10. Ndf3 c4 11. Bc2 O-O-O 12. Nxc6 Qxc6 13. Bxd6 Qxd6 
14. Re1 h5 15. Qe2 Kb8 16. Ng5 Rdf8 17. Nf3 Ne4 18. Nd2 Nxd2 19. Qxd2 h4 
20. e4 h3 21. g3 dxe4 22. Bxe4 Bxe4 23. Rxe4 f5 24. Ree1 Qd5 25. Qf4+ Kb7 
26. f3 g5 27. Qe5 Qxf3 28. Qe2 Qd5 29. b3 Qc6 30. bxc4 f4 31. Qe4 Qxe4 32.
 Rxe4 Rf6 33. gxf4 gxf4 34. Rae1 f3 35. Kf2 Rg8 36. Rxe6 Rg2+ 37. Kf1 Rxe6
38. Rxe6 Rxa2 39. Re7+ Kc6 40. d5+ Kd6 41. Rf7 Rxh2 42. Rxf3 Kc5 43. Rf7 
Kxc4 44. Rxa7 Kxd5 45. Kg1 Rg2+ 46. Kh1 Rd2 47. Rd7+ 1-0

[Event "2020 Gustafson Memorial, S02079"]
[Site "CCLA"]
[Date "2020.10.24"]
[Round "?"]
[White "Hayward, Clark W."]
[Black "Cofer, David"]
[Result "1/2-1/2"]
[WhiteElo "1852"]
[BlackElo "1898"]

1. d4 d5 2. Nf3 c6 3. e3 Nf6 4. Bd3 e6 5. Nbd2 Nbd7 6. O-O Bd6 7. Re1 O-O 
8. e4 dxe4 9. Nxe4 Nxe4 10. Bxe4 Qc7 11. h3 Nf6 12. Bd3 Bd7 13. Ne5 c5 14.
 Nxd7 Qxd7 15. dxc5 Bxc5 16. Bg5 Qd4 17. Be3 Qb4 18. Bxc5 Qxc5 19. Qf3 Qb6
20. b3 Rfe8 21. Rad1 Rad8 22. c4 Qa5 23. Re2 Rd7 24. Bxh7+ Kxh7 25. Rxd7 
Nxd7 26. Qd3+ Kg8 27. Qxd7 Qd8 28. Rd2 Qxd7 29. Rxd7 Rb8 30. f4 Kf8 31. 
Kf2 Ke8 32. Rd1 Ke7 33. Kf3 Rc8 34. g4 f5 35. g5 g6 36. a4 a5 37. Rd3 b6 
38. Ke2 Rh8 39. Kf2 Rh4 40. Kg3 Rh8 41. Rd2 Rc8 42. Rd3 Rc7 1/2-1/2

[Event "2020 Gustafson Memorial, S02079"]
[Site "CCLA"]
[Date "2020.10.24"]
[Round "?"]
[White "Hayward, Clark W."]
[Black "Stewart, Douglas"]
[Result "0-1"]
[WhiteElo "1852"]
[BlackElo "1919"]

1. d4 Nf6 2. Nf3 g6 3. c4 Bg7 4. e3 O-O 5. Nc3 d6 6. Be2 Nbd7 7. O-O e5 8.
 Qc2 Re8 9. dxe5 dxe5 10. e4 c6 11. Bg5 Qc7 12. b4 Nf8 13. Rad1 Bg4 14. h3
Bxf3 15. Bxf3 Ne6 16. Be3 b6 17. Ne2 h5 18. Qc1 Nh7 19. h4 Rad8 20. c5 
bxc5 21. Bxc5 Nxc5 22. Qxc5 Bf8 23. Qc3 Qe7 24. a3 Qxh4 25. Qxc6 Ng5 26. 
Qc3 Nxe4 27. Qe3 Nd6 28. g3 Qe7 29. Bc6 Nf5 30. Qc1 Rxd1 31. Rxd1 Rd8 32. 
Rxd8 Qxd8 33. Be4 Nd6 34. Qd2 h4 35. Qd5 Qf6 36. Bg2 Nf5 37. Qe4 hxg3 38. 
Nxg3 Nd4 39. Qd3 Qb6 {White forfeits} 0-1

[Event "2020 Gustafson Memorial, S02079"]
[Site "CCLA"]
[Date "2020.10.24"]
[Round "?"]
[White "Hayward, Clark W."]
[Black "Thommen, John"]
[Result "0-1"]
[WhiteElo "1852"]
[BlackElo "1792"]

1. d4 Nf6 2. Nf3 e6 3. e3 Be7 4. Bd3 d5 5. Nbd2 b6 6. O-O Bb7 7. b3 Nbd7 
8. Ne5 c5 9. Bb2 Nxe5 10. dxe5 Nd7 11. f4 Qc7 12. Qe2 O-O 13. Bxh7+ Kxh7 
14. Qh5+ Kg8 15. Rf3 f6 16. Rh3 fxe5 17. Qh7+ Kf7 18. Qh5+ g6 19. Qh7+ Ke8
20. Qxg6+ Kd8 21. Qxe6 exf4 22. Rf1 Qd6 23. Qg4 Kc7 24. exf4 d4 25. Rg3 
Rae8 26. Bc1 Nf6 27. Qe2 Rg8 28. Qe5 Rxg3 29. hxg3 Bd8 30. Qxd6+ Kxd6 31. 
Nc4+ Kc7 32. Ne5 Rg8 33. Rf2 Rxg3 34. f5 Nd5 35. Kh2 Rc3 36. Nd3 Ne3 37. 
Bxe3 dxe3 38. Re2 Bg5 39. Kg3 c4 40. Nf4 cxb3 41. axb3 Kd6 {White forfeits} 0-1

[Event "2020 Gustafson Memorial, S02079"]
[Site "CCLA"]
[Date "2020.10.24"]
[Round "?"]
[White "Stewart, Douglas"]
[Black "Cofer, David"]
[Result "1-0"]
[WhiteElo "1919"]
[BlackElo "1898"]

1. e4 e6 2. d4 d5 3. Nd2 Nf6 4. e5 Nfd7 5. Bd3 c5 6. c3 Nc6 7. Ne2 cxd4 8.
 cxd4 f6 9. exf6 Nxf6 10. Nf3 Bb4+ 11. Bd2 O-O 12. O-O Bd7 13. Bg5 h6 14. 
Bh4 Bd6 15. Bg3 Bxg3 16. hxg3 Nb4 17. Bg6 Be8 18. Bb1 Bf7 19. a3 Nc6 20. 
Qd3 Qb6 21. Bc2 Bh5 22. Rfd1 Rad8 23. Nf4 Bxf3 24. gxf3 Nxd4 25. Qxd4 Qxd4
26. Rxd4 e5 27. Rxd5 exf4 28. Rdd1 fxg3 29. fxg3 Rxd1+ 30. Rxd1 Rc8 31. 
Rd2 Rc6 32. Kf2 Rb6 33. Ke3 Re6+ 34. Kf4 Nh5+ 35. Kg4 Nf6+ 36. Kf5 Rb6 37.
 b4 Kf7 38. Bb3+ Ke7 39. Re2+ Kf8 40. Re6 Rxe6 41. Kxe6 Nh5 42. g4 Ng3 43.
 Kd6 Nf1 44. a4 Nd2 45. Bd5 g6 46. Kc7 1-0

[Event "2020 Gustafson Memorial, S02079"]
[Site "CCLA"]
[Date "2020.10.24"]
[Round "?"]
[White "Stewart, Douglas"]
[Black "Hayward, Clark W."]
[Result "1-0"]
[WhiteElo "1919"]
[BlackElo "1852"]

1. e4 e6 2. d4 d5 3. Nd2 Nf6 4. e5 Nfd7 5. Bd3 c5 6. c3 Nc6 7. Ne2 cxd4 8.
 cxd4 f6 9. exf6 Nxf6 10. Nf3 Bd6 11. O-O Qc7 12. h3 Bd7 13. Be3 O-O-O 14.
 Rc1 Rdf8 15. Nc3 Qb8 16. a3 h6 17. Nb5 Be7 18. Ne5 Ne8 19. Ng6 Bd8 20. b4
a6 21. a4 Bb6 22. Nxh8 Rxh8 23. Na3 Kd8 24. b5 Nb4 25. Be2 a5 26. Qb3 Qd6 
27. g3 Rf8 28. Kg2 Qe7 29. Nc2 Nxc2 30. Rxc2 Nd6 31. Rd2 Nf5 32. Bg4 Nxe3+
33. fxe3 Rxf1 34. Kxf1 Bc7 35. Rg2 {Black fofeits} 1-0

[Event "2020 Gustafson Memorial, S02079"]
[Site "CCLA"]
[Date "2020.10.24"]
[Round "?"]
[White "Stewart, Douglas"]
[Black "Thommen, John"]
[Result "1-0"]
[WhiteElo "1919"]
[BlackElo "1792"]

1. e4 Nf6 2. e5 Nd5 3. d4 d6 4. Nf3 Bg4 5. Be2 c6 6. c4 Nc7 7. exd6 exd6 
8. Qb3 Qc8 9. O-O g6 10. Re1 Bg7 11. Bf4 O-O 12. Bxd6 Rd8 13. Be5 Nd7 14. 
Bxg7 Kxg7 15. Nbd2 Nf6 16. Rad1 Ne6 17. Qc3 Qc7 18. h3 Bxf3 19. Nxf3 Ne4 
20. Qc1 Rac8 21. Bd3 Nf6 22. Bf1 a5 23. b3 Rd7 24. Qb2 Rcd8 25. Re3 Kg8 
26. Red3 Nf4 27. Re3 Re7 28. Rxe7 Qxe7 29. Re1 Ne4 30. g3 Nh5 31. Bg2 f5 
32. Nd2 Nhf6 33. f3 Qc7 34. fxe4 Qxg3 35. Re2 Qd3 36. Nf1 Nxe4 37. Bxe4 
fxe4 38. Re3 Qxd4 39. Qxd4 Rxd4 40. Ng3 Rd1+ 41. Kf2 Rd2+ 42. Re2 Rxe2+ 
43. Kxe2 1-0

[Event "2020 Gustafson Memorial, S02079"]
[Site "CCLA"]
[Date "2020.10.24"]
[Round "?"]
[White "Thommen, John"]
[Black "Cofer, David"]
[Result "0-1"]
[WhiteElo "1792"]
[BlackElo "1898"]

1. d4 d5 2. c4 c6 3. Nc3 Nf6 4. e3 e6 5. Be2 Be7 6. Nf3 Nbd7 7. O-O O-O 8.
 c5 b6 9. Qa4 Bb7 10. b4 a5 11. b5 cxb5 12. Nxb5 bxc5 13. Ba3 cxd4 14. 
Nfxd4 Ne4 15. Bxe7 Qxe7 16. Rfc1 Rfc8 17. Rxc8+ Bxc8 18. f3 Nef6 19. Rc1 
Bb7 20. Rc7 Rb8 21. Qxa5 Ne8 22. Rc1 e5 23. Nc6 Bxc6 24. Rxc6 d4 25. exd4 
exd4 26. Qd2 Ne5 27. Rc1 d3 28. Bxd3 Nxd3 29. Qxd3 Rxb5 30. a4 Rd5 31. Qc3
Qa7+ 0-1

[Event "2020 Gustafson Memorial, S02079"]
[Site "CCLA"]
[Date "2020.10.24"]
[Round "?"]
[White "Thommen, John"]
[Black "Hayward, Clark W."]
[Result "0-1"]
[WhiteElo "1792"]
[BlackElo "1852"]

1. d4 g6 2. c4 Bg7 3. Nc3 c5 4. d5 Bxc3+ 5. bxc3 f5 6. Nf3 Nf6 7. Bh6 d6 
8. h3 Qa5 9. Qc2 Nbd7 10. Ng5 Ne5 11. e4 fxe4 12. Nxe4 Nxe4 13. Rc1 Bf5 
14. Bd3 Nxd3+ 15. Qxd3 Nxf2 0-1

[Event "2020 Gustafson Memorial, S02079"]
[Site "CCLA"]
[Date "2020.10.24"]
[Round "?"]
[White "Thommen, John"]
[Black "Stewart, Douglas"]
[Result "0-1"]
[WhiteElo "1792"]
[BlackElo "1919"]

1. d4 Nf6 2. c4 g6 3. Nc3 Bg7 4. e4 d6 5. f3 O-O 6. Be3 c5 7. Nge2 Nc6 8. 
Qd2 Qa5 9. d5 Ne5 10. Nc1 a6 11. Nd3 Nxc4 12. Qf2 Ng4 0-1

[Event "USA/S02080"]
[Site "CCLA"]
[Date "2020.10.24"]
[Round "?"]
[White "Holmer, Arthur E."]
[Black "Tedesco, Matthew"]
[Result "0-1"]
[WhiteElo "1852"]
[BlackElo "1840"]

1. d4 d5 2. Nf3 Nf6 3. e3 c5 4. Nbd2 Nc6 5. c3 e6 6. Bd3 Bd6 7. O-O O-O 8.
 dxc5 Bxc5 9. e4 Qc7 10. Qe2 h6 11. h3 Nh5 12. Nb3 Ng3 0-1

[Event "USA/S02080"]
[Site "CCLA"]
[Date "2020.10.24"]
[Round "?"]
[White "Jatkowski, Steve"]
[Black "Tedesco, Matthew"]
[Result "0-1"]
[WhiteElo "1824"]
[BlackElo "1840"]

1. f4 d5 2. d4 Nf6 3. Nc3 Bf5 4. h3 e6 5. a3 c5 6. dxc5 Bxc5 7. Nf3 Nc6 8.
 e3 O-O 9. g4 Bg6 10. g5 Ne4 11. Nxe4 Bxe4 12. Bg2 e5 13. Nh4 Qb6 14. Bxe4
dxe4 15. Qe2 exf4 16. exf4 Nd4 17. Qg2 Rfe8 18. Qd2 Nf3+ 19. Nxf3 exf3+ 
20. Kf1 Re2 21. Qd3 Rf2+ 22. Ke1 Re8+ 23. Kd1 Rd8 24. Qxd8+ Qxd8+ 25. Ke1 
Qe7+ 26. Kd1 Qe2# 0-1

[Event "USA/S02080"]
[Site "CCLA"]
[Date "2020.10.24"]
[Round "?"]
[White "Jatkowski, Steve"]
[Black "Rouse, LaMont"]
[Result "0-1"]
[WhiteElo "1824"]
[BlackElo "1790"]

1. c4 e5 2. e4 Nf6 3. d3 Nc6 4. Nf3 d6 5. h3 Be7 6. a3 O-O 7. Nc3 h6 8. 
Be2 Bd7 9. O-O a6 10. b4 Nd4 11. Nxd4 exd4 12. Na2 c5 13. Rb1 b6 14. f4 b5
15. cxb5 axb5 16. Bd2 Rxa3 17. Qc2 Qa8 18. Nc1 Rc8 19. Qb2 cxb4 20. Qxb4 
Bf8 21. Qxd4 Bc6 22. Bf3 d5 23. e5 Nd7 24. Bg4 Bc5 25. Qxc5 Nxc5 26. Bb4 
Nd7 27. Bxa3 Qxa3 28. Bxd7 Bxd7 29. Rb3 Qc5+ 30. Kh2 Qc2 31. Ra3 b4 32. 
Ra2 Qc3 33. Ra7 Bf5 34. Na2 Qxd3 35. Rf3 Qc4 36. Rb7 Qxa2 37. Kg3 Rc2 38. 
Rxb4 Rxg2+ 39. Kh4 Qa8 40. Kh5 Bg6+ 0-1

[Event "USA/S02080"]
[Site "CCLA"]
[Date "2020.10.24"]
[Round "?"]
[White "Tedesco, Matthew"]
[Black "Jatkowski, Steve"]
[Result "1-0"]
[WhiteElo "1840"]
[BlackElo "1824"]

1. d4 d5 2. Bf4 Nf6 3. e3 a6 4. Nd2 Nc6 5. Ngf3 h6 6. c3 e6 7. Bd3 Bd6 8. 
Bg3 Bxg3 9. hxg3 O-O 10. Ne5 Nxe5 11. dxe5 Nd7 12. f4 Nc5 13. Bc2 f5 14. 
exf6 Qxf6 15. Qh5 Bd7 16. g4 Be8 17. g5 Bxh5 18. gxf6 Bg4 19. fxg7 Kxg7 
20. Rh4 Bf5 21. O-O-O Bxc2 22. Kxc2 Rf6 23. g4 Raf8 24. Rg1 Rg6 25. Nf3 
Nd7 26. g5 hxg5 27. Nxg5 Rff6 28. Rh7+ Kg8 29. Rxd7 Rg7 30. Rxg7+ Kxg7 31.
 Nxe6+ Kf7 32. Nxc7 Rc6 33. Nxd5 Rd6 34. e4 b5 35. b4 Re6 36. Kd3 Rd6 37. 
Kd4 Rc6 38. Rg5 Rc8 39. f5 Rd8 40. Rg6 Ra8 41. Rf6+ Kg7 42. e5 a5 43. Nc7 
Rb8 44. Ne6+ Kg8 45. a3 axb4 46. cxb4 Ra8 47. Rf8+ Rxf8 48. Nxf8 1-0

[Event "USA/S02080"]
[Site "CCLA"]
[Date "2020.10.24"]
[Round "?"]
[White "Tedesco, Matthew"]
[Black "Rouse, LaMont"]
[Result "1/2-1/2"]
[WhiteElo "1840"]
[BlackElo "1790"]

1. e4 d5 2. exd5 Nf6 3. Nf3 Qxd5 4. d4 e6 5. c4 Qd8 6. Nc3 c6 7. Bd3 Be7 
8. O-O O-O 9. Bg5 h6 10. Bf4 Nbd7 11. Re1 Nb6 12. Qd2 Re8 13. Bxh6 gxh6 
14. Qxh6 Bf8 15. Qg5+ Bg7 16. h4 Nh7 17. Bxh7+ Kxh7 18. Qh5+ Kg8 19. Ng5 
Qf6 20. Nce4 Qg6 21. Qxg6 fxg6 22. c5 Nd5 1/2-1/2

[Event "USA/S02080"]
[Site "CCLA"]
[Date "2020.10.24"]
[Round "?"]
[White "Rouse, LaMont"]
[Black "Jatkowski, Steve"]
[Result "1/2-1/2"]
[WhiteElo "1790"]
[BlackElo "1824"]

1. Nc3 d5 2. e4 d4 3. Nce2 e5 4. Ng3 a6 5. Nf3 Nc6 6. Bc4 h6 7. d3 Bg4 8. 
h3 Bxf3 9. Qxf3 Qf6 10. Nf5 Nge7 11. c3 Nxf5 12. Qxf5 Qxf5 13. exf5 Na5 
14. cxd4 b5 15. Bd5 Rd8 16. Be4 Bb4+ 17. Ke2 exd4 18. Bd2 Bxd2 19. Kxd2 
Rd6 20. Rac1 O-O 21. Rxc7 b4 22. Rhc1 Rfd8 23. Rc8 1/2-1/2

[Event "USA/S02080"]
[Site "CCLA"]
[Date "2020.10.24"]
[Round "?"]
[White "Rouse, LaMont"]
[Black "Tedesco, Matthew"]
[Result "1/2-1/2"]
[WhiteElo "1790"]
[BlackElo "1840"]

1. Nc3 b6 2. e4 e6 3. f4 Bb7 4. Nf3 d5 5. d3 dxe4 6. dxe4 Qxd1+ 7. Kxd1 
Nf6 8. Bd3 a6 9. h3 Bb4 10. Re1 Nbd7 11. Bd2 Nc5 12. a3 Bxc3 13. Bxc3 
O-O-O 14. Bxf6 gxf6 15. Ke2 Bxe4 16. Bxe4 Nxe4 17. Rad1 Rxd1 18. Rxd1 Ng3+
19. Ke3 Rd8 20. Rxd8+ Kxd8 21. Kd3 c5 22. c4 Kd7 23. Nh2 Kd6 24. Ng4 f5 
25. Ne5 1/2-1/2

[Event "USA/S02080"]
[Site "CCLA"]
[Date "2020.10.24"]
[Round "?"]
[White "Rouse, LaMont"]
[Black "Holmer, Arthur E."]
[Result "1-0"]
[WhiteElo "1790"]
[BlackElo "1852"]

1. Nc3 d5 2. e4 c6 3. exd5 cxd5 4. d4 Nf6 5. Nf3 Bg4 6. Be2 Nc6 7. O-O e6 
8. h3 Bh5 9. Be3 Be7 10. a3 Bxf3 11. Bxf3 O-O 12. Re1 Bd6 13. Bg5 h6 14. 
Bh4 g5 15. Bg3 Bxg3 16. fxg3 Qb6 17. Rb1 Nxd4 18. Kh2 Nc6 19. Qd2 Rad8 20.
 Rf1 {Black withdraws} 1-0

[Event "USA/S02080"]
[Site "CCLA"]
[Date "2020.10.24"]
[Round "?"]
[White "Tedesco, Matthew"]
[Black "Holmer, Arthur E."]
[Result "1-0"]
[WhiteElo "1840"]
[BlackElo "1852"]

1. e4 c6 2. d4 d5 3. e5 Bf5 4. h4 h5 5. Bd3 Bxd3 6. Qxd3 e6 7. Bg5 Be7 8. 
Nf3 Nh6 9. Nc3 Nf5 10. Ne2 c5 11. c3 cxd4 12. Nexd4 Nxd4 13. cxd4 Qa5+ 14.
 Ke2 Qa6 15. Qxa6 Nxa6 16. a3 Nb8 17. Rac1 Nc6 18. Rc3 Kd7 19. Rhc1 Rac8 
20. Kd3 Bxg5 21. Nxg5 Rhf8 22. b4 f6 23. exf6 gxf6 24. Nf3 {Black withdraws} 1-0

[Event "USA/S02080"]
[Site "CCLA"]
[Date "2020.10.24"]
[Round "?"]
[White "Holmer, Arthur E."]
[Black "Rouse, LaMont"]
[Result "0-1"]
[WhiteElo "1852"]
[BlackElo "1790"]

1. d4 d5 2. Nf3 Nf6 3. e3 e6 4. Bd3 c6 5. c4 b6 6. O-O Bb7 7. Nc3 Nbd7 8. 
Re1 Be7 9. b3 O-O 10. Bb2 c5 11. Rc1 dxc4 12. bxc4 cxd4 13. exd4 h6 14. h3
Re8 15. Qe2 Bb4 16. a3 Ba5 {White withdraws} 0-1

[Event "USA/S02080"]
[Site "CCLA"]
[Date "2020.10.24"]
[Round "?"]
[White "Jatkowski, Steve"]
[Black "Holmer, Arthur E."]
[Result "1-0"]
[WhiteElo "1824"]
[BlackElo "1852"]

1. b4 d5 2. d4 Nf6 3. a3 Bf5 4. Nf3 e6 5. Nc3 c6 6. e3 Bd6 7. h3 O-O 8. 
Bd3 Nbd7 9. Bxf5 exf5 10. O-O Nb6 11. Nd2 Re8 12. Bb2 a6 13. Qf3 g6 14. 
Rac1 Bc7 15. Rfe1 Qd6 16. g3 Qd7 17. Kg2 Kg7 18. Na2 {Black withdraws} 1-0

[Event "USA/S02080"]
[Site "CCLA"]
[Date "2020.10.24"]
[Round "?"]
[White "Holmer, Arthur E."]
[Black "Jatkowski, Steve"]
[Result "0-1"]
[WhiteElo "1852"]
[BlackElo "1824"]

1. d4 d5 2. Nf3 Nc6 3. Bf4 Nf6 4. e3 a6 5. c4 e6 6. Nc3 Bd6 7. Bxd6 Qxd6 
8. Be2 b6 9. O-O O-O 10. Rc1 Bb7 11. cxd5 Nxd5 12. Nxd5 exd5 13. a3 h6 14.
 Rc3 Rae8 15. Qc2 Re7 16. Rc1 Rc8 17. Rxc6 Qxc6 18. Qxc6 Bxc6 19. Rxc6 a5 
20. Ne5 Re6 21. Rc1 c5 22. Bg4 c4 23. Bxe6 fxe6 24. Kf1 b5 {White withdraws} 0-1

[Event "2020 Gustafson Memorial, S02081"]
[Site "CCLA"]
[Date "2020.10.24"]
[Round "?"]
[White "Cacas, Alexander"]
[Black "Clancey, James"]
[Result "1/2-1/2"]
[WhiteElo "1795"]
[BlackElo "1828"]

1. e4 e5 2. Nf3 Nc6 3. Bb5 f5 4. Nc3 fxe4 5. Nxe4 d5 6. Nxe5 dxe4 7. Nxc6 
Qg5 8. Qe2 Nf6 9. f4 Qxf4 10. Ne5+ c6 11. d4 Qh4+ 12. g3 Qh3 13. Bc4 Be6 
14. Qf1 Qxf1+ 15. Rxf1 Nd5 16. Bb3 Bd6 17. Nc4 O-O-O 18. Nxd6+ Rxd6 19. a3
Re8 20. Bxd5 Bxd5 21. Be3 Kd7 22. O-O-O Kc7 1/2-1/2